[Event "Sarajevo CC Qualifiers"]
[Site "Sarajevo"]
[Date "2019.02.17"]
[Round "7.6"]
[White "Korjenic, Esef"]
[Black "Manic, Mujo"]
[Result "0-1"]
[WhiteElo "1937"]
[BlackElo "1701"]
[PlyCount "106"]
[EventDate "2019.??.??"]

1. d4 Nf6 2. c4 e6 3. Nc3 c5 4. d5 exd5 5. cxd5 d6 6. e4 g6 7. Bf4 a6 8. a4 Bg7
9. h3 O-O 10. Nf3 Re8 11. Bd3 Qb6 12. Rb1 Nxe4 13. Nxe4 f5 14. Be2 Rxe4 15. Bd2
Bd7 16. O-O Bxa4 17. b3 Bb5 18. Bc4 Nd7 19. Ng5 Re7 20. Ne6 Nf6 21. f3 Bd7 22.
Nxg7 Kxg7 23. Bc3 Rae8 24. Qd2 Qd8 25. b4 b5 26. Bd3 c4 27. Bc2 Re2 28. Qc1 Kf7
29. Bd1 Qb6+ 30. Kh1 Rf2 31. Rg1 Nxd5 32. Be1 Ra2 33. Qh6 Kg8 34. h4 Qe3 35.
Qxe3 Rxe3 36. Rf1 Nc3 37. Rc1 Ne2 38. Rc2 Rxc2 39. Bxc2 Nd4 40. Bb1 Nb3 41. Bc2
Be6 42. h5 gxh5 43. Bg3 d5 44. Bf4 Re2 45. Bd1 Rb2 46. Re1 Kf7 47. Be5 Rb1 48.
f4 Ke7 49. Bg7 Nd2 50. Bd4 Ne4 51. Kg1 Kd6 52. Kf1 Rxb4 53. Bxh5 Ng3+ 0-1

[Event "Sarajevo CC Qualifiers"]
[Site "Sarajevo"]
[Date "2019.02.17"]
[Round "7.9"]
[White "Lakota, Izet"]
[Black "Haskovic, Salih"]
[Result "1-0"]
[WhiteElo "1744"]
[BlackElo "1824"]
[PlyCount "35"]
[EventDate "2019.??.??"]

1. e4 c5 2. Nf3 Nc6 3. b3 e5 4. Bb5 d6 5. Bxc6+ bxc6 6. h3 Nf6 7. d3 Be7 8. O-O
O-O 9. a4 Ba6 10. Nc3 h6 11. Ne2 c4 12. bxc4 d5 13. exd5 cxd5 14. cxd5 Qxd5 15.
Re1 Rfd8 16. Qd2 e4 17. Ba3 Qf5 18. Bxe7 1-0

[Event "Sarajevo CC Qualifiers"]
[Site "Sarajevo"]
[Date "2019.02.17"]
[Round "6.1"]
[White "Halilovic, Fahrudin"]
[Black "Sitnic, Ahmed"]
[Result "1-0"]
[WhiteElo "2051"]
[BlackElo "1750"]
[PlyCount "120"]
[EventDate "2019.??.??"]

1. d4 d5 2. Nf3 Nf6 3. e3 e6 4. Bd3 Be7 5. b3 b6 6. O-O Bb7 7. Bb2 O-O 8. Nbd2
Nbd7 9. Ne5 c5 10. f4 Ne4 11. Qe2 f5 12. Bxe4 dxe4 13. Rad1 Qc7 14. c4 Rad8 15.
g4 Nxe5 16. fxe5 Bg5 17. gxf5 cxd4 18. exd4 Qc6 19. fxe6 Qxe6 20. d5 Qg6 21.
Nxe4 Be3+ 22. Kh1 Qxe4+ 23. Qg2 Rxf1+ 24. Rxf1 Qxg2+ 25. Kxg2 Rf8 26. Rf3 Bc5
27. a3 a5 28. a4 g5 29. h3 Rxf3 30. Kxf3 Kf7 31. Ke4 Bc8 32. e6+ Kg6 33. Ke5
Be7 34. Ke4 Bf6 35. Ba3 h5 36. Bd6 Bc3 37. Bc7 g4 38. hxg4 hxg4 39. Kf4 Bd4 40.
Kxg4 Bxe6+ 41. dxe6 Kf6 42. Kf4 Kxe6 43. Ke4 Bc5 44. Be5 Bf2 45. Bc3 Bc5 46.
Bd2 Kd6 47. Kf5 Bd4 48. Bh6 Bc5 49. Bg7 Bf2 50. Bf8+ Kc6 51. Ke6 Bc5 52. Bg7
Be3 53. Ke7 Kc5 54. Bc3 Bd4 55. Bxd4+ Kxd4 56. Kd6 Kc3 57. c5 Kxb3 58. cxb6
Kxa4 59. b7 Ka3 60. b8=Q a4 1-0

[Event "OTVORENO PRVENSTVO SK"]
[Site "Sarajevo"]
[Date "2019.02.17"]
[Round "6.2"]
[White "Mrndjic, Muamer"]
[Black "Dedic, Nedzad"]
[Result "1-0"]
[WhiteElo "2264"]
[BlackElo "1938"]
[PlyCount "77"]
[EventDate "2019.??.??"]

1. d4 d5 2. c4 e6 3. Nc3 Nf6 4. Nf3 c5 5. cxd5 cxd4 6. Nxd4 Nxd5 7. Ndb5 Bb4 8.
e4 Nc7 9. Qxd8+ Kxd8 10. Bg5+ f6 11. O-O-O+ Bd7 12. Bf4 Nba6 13. Nd6 e5 14.
Nxb7+ Kc8 15. Nd6+ Kd8 16. Be3 Ke7 17. Nf5+ Bxf5 18. exf5 Bc5 19. Ne4 Bxe3+ 20.
fxe3 Nb4 21. Bc4 Rhd8 22. Nc3 Rac8 23. Kb1 Nc6 24. a3 Na5 25. Ba2 Nb7 26. Ne4
Nb5 27. Be6 Rc7 28. Rc1 N7d6 29. Nc5 Nb7 30. Na6 Rxc1+ 31. Rxc1 Rd6 32. Nc7
Rxe6 33. Nxe6 g6 34. Nc7 N5d6 35. Nd5+ Kf8 36. Rc7 gxf5 37. Nxf6 h6 38. Nd7+
Ke7 39. Nc5+ 1-0

[Event "Sarajevo CC Qualifiers"]
[Site "Sarajevo"]
[Date "2019.02.17"]
[Round "6.5"]
[White "Oputic, Mirsad"]
[Black "Korjenic, Esef"]
[Result "1/2-1/2"]
[WhiteElo "1918"]
[BlackElo "1937"]
[PlyCount "72"]
[EventDate "2019.??.??"]

1. f4 d5 2. d4 c5 3. e3 Nc6 4. Nf3 Bg4 5. c3 e6 6. Bd3 Nf6 7. O-O Be7 8. Qe1
Bxf3 9. Rxf3 Ne4 10. f5 exf5 11. Rxf5 g6 12. Rf3 f5 13. Nd2 O-O 14. Rf1 Qc7 15.
Nf3 Rf7 16. dxc5 Nxc5 17. Bc2 Kg7 18. Bd2 Bf6 19. Rd1 Rd8 20. Bc1 Ne5 21. Qg3
Nxf3+ 22. Qxf3 Ne4 23. Bb3 Rfd7 24. Ba4 Re7 25. Bb3 Qe5 26. c4 d4 27. exd4 Rxd4
28. Rxd4 Qxd4+ 29. Be3 Qxb2 30. c5 Bd4 31. h4 Nd2 32. Bxd4+ Qxd4+ 33. Qf2 Nxb3
34. axb3 Qxf2+ 35. Kxf2 Re4 36. Rb1 Kf6 1/2-1/2

[Event "Sarajevo CC Qualifiers"]
[Site "Sarajevo"]
[Date "2019.02.17"]
[Round "6.6"]
[White "Hasanovic, Jakub"]
[Black "Bavcic, Fuad"]
[Result "0-1"]
[WhiteElo "1800"]
[BlackElo "1643"]
[PlyCount "44"]
[EventDate "2019.??.??"]

1. d4 e6 2. e4 d5 3. e5 c5 4. Bb5+ Nc6 5. Bxc6+ bxc6 6. c3 Ne7 7. a3 Ng6 8. Nf3
Ba6 9. b4 cxd4 10. cxd4 Qb6 11. Bd2 Be7 12. Nc3 O-O 13. Na4 Qb5 14. Nc5 Bxc5
15. dxc5 Qc4 16. Rc1 Qe4+ 17. Be3 Nf4 18. Rc3 f6 19. exf6 Rxf6 20. Rg1 Ne2 21.
Ng5 Qg6 22. h4 Nxc3 0-1